Southville International School and Colleges
Your cart is empty.
  • Cart
  • Lists
    Public lists Eva Luna New books Lux_list list_1
    Your lists Log in to create your own lists
  • Log in to your account
  • Your cookies
  • Search history
Southville International School and Colleges
  • Advanced search
  • Recent comments
  • Most popular
  • Libraries

Log in to your account

Log in with GOOGLE


If you do not have an external account, but do have a local account, you can still log in:

  1. Home
  2. MARC view: Complete Geography
Normal view MARC view ISBD view

Complete Geography (Record no. 9022)

[ view plain ]
MARC details
000 -LEADER
fixed length control field 00525nam a22002057a 4500
003 - CONTROL NUMBER IDENTIFIER
control field OSt
005 - DATE AND TIME OF LATEST TRANSACTION
control field 20140310182052.0
008 - FIXED-LENGTH DATA ELEMENTS--GENERAL INFORMATION
fixed length control field 130822t xxu||||| |||| 00| 0 eng d
020 ## - INTERNATIONAL STANDARD BOOK NUMBER
International Standard Book Number 9780199133987
050 ## - LIBRARY OF CONGRESS CALL NUMBER
Classification number G 127
Item number .C132 1998
082 ## - DEWEY DECIMAL CLASSIFICATION NUMBER
Classification number HS 910
Item number C44 1998
100 ## - MAIN ENTRY--PERSONAL NAME
Personal name Chapman, Simon
9 (RLIN) 12193
245 ## - TITLE STATEMENT
Title Complete Geography
Statement of responsibility, etc Simm Chapma
260 ## - PUBLICATION, DISTRIBUTION, ETC. (IMPRINT)
Place of publication, distribution, etc Oxford :
Name of publisher, distributor, etc Oxford University Press,
Date of publication, distribution, etc c1998.
300 ## - PHYSICAL DESCRIPTION
Extent 256 p.
Other physical details ill. col.
Dimensions 28 cm.
562 ## - COPY AND VERSION IDENTIFICATION NOTE
Number of copies 1
942 ## - ADDED ENTRY ELEMENTS (KOHA)
Source of classification or shelving scheme Library of Congress Classification
Koha item type
Holdings
Withdrawn status Lost status Source of classification or shelving scheme Damaged status Home library Current library Shelving location Date acquired Total Checkouts Full call number Barcode Date last seen Copy number Price effective from Koha item type Total Renewals Date checked out
    Library of Congress Classification   Luxembourg Library Luxembourg Library High School Section 08/22/2013   G 127 .C132 1998 8623 11/11/2015 1 08/22/2013 Books    
    Library of Congress Classification   Luxembourg Library Luxembourg Library High School Section 08/22/2013 3 G 127 .C132 1998 19137 07/13/2015 2 08/22/2013 Books 1 06/23/2015

Complete Geography

APA

Chapman S., . (1998). Complete Geography. Oxford: Oxford University Press.

Chicago

Chapman Simon, . 1998. Complete Geography. Oxford: Oxford University Press.

Harvard

Chapman S., . (1998). Complete Geography. Oxford: Oxford University Press.

MLA

Chapman Simon, . Complete Geography. Oxford: Oxford University Press. 1998.

  • Place hold
  • Print
  • Cite
  • Add to your cart (remove)
  • Save record
    BIBTEX Dublin Core MARCXML MARC (non-Unicode/MARC-8) MARC (Unicode/UTF-8) MARC (Unicode/UTF-8, Standard) MODS (XML) RIS
  • More searches
    Search for this title in:
    Other Libraries (WorldCat) Other Databases (Google Scholar) Online Stores (Bookfinder.com) Open Library (openlibrary.org)

Exporting to Dublin Core...

SOUTHVILLE LIBRARY

Southville International School and Colleges Library

1281 Tropical Ave. Cor. Luxembourg St., BF Homes International, Las Pinas City

Tel. No. 8256374 / 252358 Loc. 117/146

Powered by Koha